| 000 | 00914nam a2200229 i 4500 | ||
|---|---|---|---|
| 001 | 7184 | ||
| 003 | ES-MaACL | ||
| 005 | 20250807074958.0 | ||
| 007 | t| | ||
| 008 | 901005s1990 sp ||||1| spa d | ||
| 020 | _a84-309-1828-0 | ||
| 080 | _a341.67 | ||
| 111 | 2 |
_aConvención Europea por el Desarme Nuclear ( _n8º. _d1989. _cVitoria) _9595 |
|
| 245 | 1 | 0 |
_aEuropa en paz _b: VIII Convencion europea por el desarme nuclear / _cJosep Palau (coordinador) ; presentaciones de Ramon Peñagarikano, Josep Palau, Francisca Sauquillo ; prologo de Manuel Azcarate. |
| 260 |
_aMadrid : _bTecnos : _bEuropean Nuclear Disarmament, _cD.L. 1990. |
||
| 300 |
_a397 p. ; _c22 cm. |
||
| 650 | 1 | 4 |
_aDesarme nuclear- _xCongresos y asambleas. _911788 |
| 700 | 1 |
_aPalau, José _c(político) _988490 |
|
| 700 | 1 |
_aAzcárate, Manuel. _924247 |
|
| 852 |
_aES-MaACL _jL-14432 _bR.118049 _z. - rust. |
||
| 999 |
_c7184 _d7184 |
||